| 000 | 00870nam a2200229 u 4500 | ||
|---|---|---|---|
| 005 | 20240924065423.0 | ||
| 008 | 171024s1998 r 000 0 eng d | ||
| 020 | _a9687798378 | ||
| 035 | _aUPN01000221295 | ||
| 049 | _aF | ||
| 050 | 4 |
_aLA427 _bA6.3 |
|
| 110 | 2 | _aAsociación Nacional de Universidades e Instituciones de Educación Superior (México) | |
| 245 | 1 | 0 |
_aANUIES : _buna asociación que agrupa a las principales instituciones que forjan la educación superior mexicana / _ccoord. José Luis Cuevas Nava. |
| 260 |
_aMéxico : _bANUIES, _c1998. |
||
| 300 |
_a31 p. : _bil. |
||
| 610 | 2 | 4 | _aASOCIACION NACIONAL DE UNIVERSIDADES E INSTITUCIONES DE EDUCACION SUPERIOR (MEXICO) |
| 650 | 2 |
_aInstituciones educativas _96128 |
|
| 650 | 4 |
_aEducación superior _zMéxico _94968 |
|
| 700 | 1 |
_aCuevas Nava, José Luis, _ecoord. |
|
| 905 | _aLibro | ||
| 999 |
_c193393 _d193393 |
||